000
00332 a2200145 4500
001
149860
040
_c
Escola São Tomás de Aquino
100
_a
RIOS, Rosana
240
1
0
_a
A bruxa da casa azul
_l
por
245
1
0
_a
A bruxa da casa azul
300
_a
95
362
0
_a
2007
697
_a
*LITERATURA INFANTO JUVENIL
942
_c
BK
999
_c
149860
_d
149860